书目信息 |
| 题名: |
中外童声合唱歌曲50首
|
|
| 作者: | ;中国合唱协会 , 中国合唱协会 编 | |
| 分册: | ||
| 出版信息: | 北京 人民音乐出版社 1997 |
|
| 页数: | 311页 | |
| 开本: | 28cm | |
| 丛书名: | ||
| 单 册: | ||
| 中图分类: | J652.63 | |
| 科图分类: | ||
| 主题词: | 合唱--儿童歌曲--世界--选集 , 儿童歌曲--合唱--世界--选集 | |
| 电子资源: | ||
| ISBN: | 7-103-01475-2 | |
| 000 | 01174nam0 2200325 450 | |
| 000 | 01139nam0 2200313 450 | |
| 000 | 01102nam0 2200301 450 | |
| 000 | 00982nam0 2200289 450 | |
| 000 | 00945nam0 2200277 450 | |
| 000 | 00878nam0 2200253 450 | |
| 001 | 0104000024 | |
| 005 | 20061023144945.05 | |
| 010 | @a7-103-01475-2@dCNY36.30 | |
| 100 | @a20051124d1997 cdmy0chiy0110 ea | |
| 101 | 1 | @achi@cmul |
| 102 | @aCN@b110000 | |
| 105 | @ag z 000yy | |
| 200 | 1 | @a中外童声合唱歌曲50首@Azhong wai tong sheng he chang ge qu 50 shou@f中国合唱协会编@Fzhong guo he chang xie hui bian |
| 210 | @a北京@c人民音乐出版社@d1997 | |
| 215 | @a311页@d28cm | |
| 330 | @a本书收有中外童声合唱歌曲共50首。包括:长城谣、渔光曲、铃兰、森林里的小河、五彩缤纷的大地、和平友谊之歌等。 | |
| 606 | 0 | @a合唱@x儿童歌曲@y世界@x选集 |
| 606 | 0 | @a儿童歌曲@x合唱@y世界@x选集 |
| 690 | @aJ652.63@v4 | |
| 711 | 02 | @a中国合唱协会@9zhong guo he chang xie hui@4编 |
| 711 | 0 | @a中国合唱协会@Azhong guo he chang xie hui@4编 |
| 801 | 0 | @aCN@b北京荣雅伟业图书经销中心@c20061023 |
| 905 | @aBZT@dJ652.63@e3 | |
| 906 | @dCNY36.30@n0@r1 | |
| 中外童声合唱歌曲50首/中国合唱协会编.-北京:人民音乐出版社,1997 |
| 311页;28cm |
| ISBN 7-103-01475-2:CNY36.30 |
| 本书收有中外童声合唱歌曲共50首。包括:长城谣、渔光曲、铃兰、森林里的小河、五彩缤纷的大地、和平友谊之歌等。 |
| ● |
| 相关链接 |
|
|
|
正题名:中外童声合唱歌曲50首
索取号:J652.63/3
 
预约/预借
| 序号 | 登录号 | 条形码 | 馆藏地/架位号 | 状态 | 备注 |
| 1 | 507646 | 230068211 | 中心书库中库/ 中库021架A面3列4层69/ [索取号:J652.63/3] | 在馆 | |
| 2 | 507647 | 230068213 | 中心书库中库/ 中库021架A面3列4层67/ [索取号:J652.63/3] | 在馆 | |
| 3 | 507648 | 230068214 | 中心书库中库/ 中库021架A面3列4层70/ [索取号:J652.63/3] | 在馆 | |
| 4 | 507649 | 230068216 | 中心书库中库/ 中库021架A面3列4层68/ [索取号:J652.63/3] | 在馆 | |
| 5 | 507650 | 230068215 | 中心书库中库/ 中库021架A面3列4层71/ [索取号:J652.63/3] | 在馆 |